| 000 | 00458nam a22001337a 4500 | ||
|---|---|---|---|
| 005 | 20170828104929.0 | ||
| 020 |
_a8177330373 _cRs.75.00 (pbk) |
||
| 035 | _aB-055358 | ||
| 037 |
_aDPL _bENG |
||
| 245 |
_aBharat's insurance regulatory and development authority act with regulations / _cedited by Ravi Puliani and Mahesh Puliani |
||
| 260 |
_aNew Delhi _bBharat Law House _c2000 |
||
| 300 |
_a163p. _c20 cms. |
||
| 942 |
_2ddc _cEN _h346.540086 _mBHA |
||
| 999 |
_c67985 _d67985 |
||